Williams by Picture - Statistics

General Stats
  • This quiz has been taken 49 times
  • The average score is 20 of 32
Answer Stats
Picture Answer % Correct
Bill Clinton
100%
Will Smith
97%
Bill Gates
95%
William Shakespeare
95%
Bill Cosby
85%
Will Ferrell
85%
Billie Eilish
82%
Bill Murray
82%
Billie Jean King
79%
Free Willy
79%
Billy Idol
77%
William Howard Taft
74%
Willem Dafoe
72%
William Shatner
72%
Willie Nelson
72%
Bill Nye
69%
William McKinley
67%
Billy Joel
62%
Billie Joe Armstrong
59%
Billy Bob Thornton
59%
William Henry Harrison
59%
William H. Macy
49%
Willie Mays
49%
Bill Russell
46%
Bill Withers
44%
Billy the Kid
41%
Buffalo Bill
41%
Bill Burr
38%
Billy Mays
36%
Will Arnett
28%
Bill Cipher
13%
William Wordsworth
3%
No matching quizzes found
Score Distribution
Percent of People with Each Score
Percentile by Number Answered
Your Score History
You have not taken this quiz